El jinete del dragón (Registro nro. 4710)
[ vista simple ]
| 000 -Cabecera | |
|---|---|
| Campo de control de longitud fija | 00544aam a2200229 4500 |
| 005 - Fecha y hora de la última transacción | |
| Campo de control | 20241105142527.0 |
| 008 - Elementos de longitud fija--Información general | |
| Campo de control de longitud fija | 150416b xxu||||| |||| 00| 0 spa d |
| 020 ## - International Standard Book Number | |
| Número Internacional Estándar del Libro (ISBN) | 9789681685454 |
| 041 ## - Idioma | |
| Código de idioma | Español |
| 082 ## - Clasificación Decimal Dewey | |
| Número de clasificación | 830.914 F982j |
| 100 ## - Entrada principal--Autor personal | |
| Nombre personal | Funke, Cornelia |
| 9 (RLIN) | 33981 |
| 245 ## - Título propiamente dicho | |
| Título | El jinete del dragón |
| 260 ## - Pie de imprenta | |
| Lugar de publicación, distribución, etc. | México |
| 260 ## - Pie de imprenta | |
| Nombre del editor, distribuidor, etc. | Siruela |
| 260 ## - Pie de imprenta | |
| Fecha de publicación, distribución, etc. | 2008 |
| 300 ## - Descripción física | |
| Extensión | 415 páginas |
| 650 ## - Materia general | |
| Temática (materia general) | NOVELA ALEMANA |
| 650 ## - Materia general | |
| Temática (materia general) | LITERATURA ALEMANA |
| 650 ## - Materia general | |
| Temática (materia general) | LITERATURA INFANTIL |
| 650 ## - Materia general | |
| Temática (materia general) | FANTASÍA |
| 942 ## - Punto de acceso adicional KOHA | |
| Tipo de ítem KOHA | Literatura |
| Fuente del sistema de clasificación o colocación | Dewey Decimal Classification |
| Signatura completa | Código de barras | Tipo de ítem |
|---|---|---|
| 830.914 F982j | 13570 | Literatura |